000 00310nam a2200109Ia 4500
100 _a#N/A
942 _cBK
654 _a450 mb java/ diskeeper 9/ openoffice.org.1.1.3/ firefox 1.0/ sdk
245 _a450 MB Java/ Diskeeper 9/ Open office .org 1.1.3/ Firefox 1.0/ SDK
260 _b#N/A
_c2004
546 _aENGLISH
999 _c20205
_d20205